000
00280nam a22001217a 4500
041
_a
ENG
100
_a
Varshnet /S
245
_a
Power Tiller Reserch And Industru In India
260
_a
Bhopal
_b
Central Institute
_c
2011
300
_a
161
650
_a
FMP
856
_u
FMP (23 )
999
_c
1366
_d
1366